000 00556nam a2200205Ia 4500
005 20250923150135.0
008 008 250917s9999 xx 000 0 eng d
037 _aTextual
040 _aDSWL
_beng
_cDSWL
041 _aeng
_2eng
084 _qDSWL
100 _aNadkarni, V V
_9842688
245 0 _aIntervention in issues of pollution utilising integrated social work practice
_c by V V Nadkarni
260 _aBombay
_bTISS
_c1997
300 _a86p.
365 _aINR
_b70
925 _g70
942 _cTEXL
999 _c1460014
_d1460014